Fundamentals of machine elements / (Record no. 29187)

MARC details
000 -LEADER
fixed length control field 01615cam a22003734a 4500
001 - CONTROL NUMBER
control field 13506493
003 - CONTROL NUMBER IDENTIFIER
control field EG-ScBUE
005 - DATE AND TIME OF LATEST TRANSACTION
control field 20210614120239.0
008 - FIXED-LENGTH DATA ELEMENTS--GENERAL INFORMATION
fixed length control field 040301s2006 nyua f b 001 0 eng d
020 ## - INTERNATIONAL STANDARD BOOK NUMBER
International Standard Book Number 9780071257947
020 ## - INTERNATIONAL STANDARD BOOK NUMBER
International Standard Book Number 0071257942
040 ## - CATALOGING SOURCE
Original cataloging agency DLC
Language of cataloging eng
Description conventions rda
Transcribing agency DLC
Modifying agency DLC
-- DLC
-- EG-ScBUE
082 04 - DEWEY DECIMAL CLASSIFICATION NUMBER
Classification number 621.815
Item number HAM
Edition number 22
100 1# - MAIN ENTRY--PERSONAL NAME
Personal name Hamrock, Bernard J.,
Relator term author.
9 (RLIN) 5429
245 10 - TITLE STATEMENT
Title Fundamentals of machine elements /
Statement of responsibility, etc Bernard J. Hamrock, Ohio State University, Steven R. Schmid, The University of Notre Dame, Bo O. Jacobson, Lund University, Lund, Swedan.
250 ## - EDITION STATEMENT
Edition statement Second edition,
Remainder of edition statement international edition.
264 #1 - PUBLICATION, DISTRIBUTION, ETC. (IMPRINT)
Place of publication, distribution, etc New York, NY :
Name of publisher, distributor, etc McGraw-Hill,
Date of publication, distribution, etc 2006.
300 ## - PHYSICAL DESCRIPTION
Extent xxiv, 980 pages :
Other physical details illustrations ;
Dimensions 24 cm
336 ## - CONTENT TYPE
Source rdacontent
Content type term text
Content type code txt
337 ## - MEDIA TYPE
Source rdamedia
Media type term unmediated
Media type code n
338 ## - CARRIER TYPE
Source rdacarrier
Carrier type term volume
Carrier type code nc
504 ## - BIBLIOGRAPHY, ETC. NOTE
Bibliography, etc Includes bibliographical references and index.
650 #7 - SUBJECT ADDED ENTRY--TOPICAL TERM
Topical term or geographic name as entry element Machine design.
Source of heading or term BUEsh
650 #7 - SUBJECT ADDED ENTRY--TOPICAL TERM
Topical term or geographic name as entry element Mechanical movements.
Source of heading or term BUEsh
653 ## - INDEX TERM--UNCONTROLLED
Resource For college Informatics and Computer Science
Arrived date list June2021
655 ## - INDEX TERM--GENRE/FORM
Form subdivision Reading book
9 (RLIN) 34232
700 1# - ADDED ENTRY--PERSONAL NAME
Personal name Schmid, Steven R.,
Relator term author.
9 (RLIN) 9175
700 1# - ADDED ENTRY--PERSONAL NAME
Personal name Jacobson, Bo O.,
Dates associated with a name 1942-
Relator term author.
856 42 - ELECTRONIC LOCATION AND ACCESS
Materials specified Publisher description
Uniform Resource Identifier <a href="http://www.loc.gov/catdir/enhancements/fy0702/2004004560-d.html">http://www.loc.gov/catdir/enhancements/fy0702/2004004560-d.html</a>
856 41 - ELECTRONIC LOCATION AND ACCESS
Materials specified Table of contents only
Uniform Resource Identifier <a href="http://www.loc.gov/catdir/enhancements/fy0702/2004004560-t.html">http://www.loc.gov/catdir/enhancements/fy0702/2004004560-t.html</a>
906 ## - LOCAL DATA ELEMENT F, LDF (RLIN)
a 7
b cbc
c orignew
d 1
e ecip
f 20
g y-gencatlg
942 ## - ADDED ENTRY ELEMENTS (KOHA)
Source of classification or shelving scheme Dewey Decimal Classification
Koha item type Book - Borrowing
Holdings
Withdrawn status Lost status Source of classification or shelving scheme Damaged status Not for loan Collection code Home library Current library Shelving location Date acquired Source of acquisition Total Checkouts Total Renewals Full call number Barcode Date last seen Date checked out Price effective from Koha item type
    Dewey Decimal Classification     Donation-Gift Central Library Central Library First floor 14/06/2021 Donation 6 31 621.815 HAM 000050342 17/07/2025 27/09/2023 14/06/2021 Book - Borrowing